Bảo vệ bầu trời
Trình bày thực trạng, nguy cơ, mối đe dọa gây ô nhiễm bầu khí quyển và những phương pháp bảo vệ bầu trời.
Zapisane w:
| 1. autor: | |
|---|---|
| Format: | Książka |
| Język: | Undetermined |
| Wydane: |
Hà Nội
Văn hóa Thông tin
2013
|
| Hasła przedmiotowe: | |
| Etykiety: |
Dodaj etykietę
Nie ma etykietki, Dołącz pierwszą etykiete!
|
| Thư viện lưu trữ: | Trung tâm Học liệu Trường Đại học Cần Thơ |
|---|
| LEADER | 00699nam a2200193Ia 4500 | ||
|---|---|---|---|
| 001 | CTU_180719 | ||
| 008 | 210402s9999 xx 000 0 und d | ||
| 020 | |c 53000 | ||
| 082 | |a 363.7 | ||
| 082 | |b K310 | ||
| 100 | |a Kim, Phụng | ||
| 245 | 0 | |a Bảo vệ bầu trời | |
| 245 | 0 | |c Kim Phụng | |
| 260 | |a Hà Nội | ||
| 260 | |b Văn hóa Thông tin | ||
| 260 | |c 2013 | ||
| 520 | |a Trình bày thực trạng, nguy cơ, mối đe dọa gây ô nhiễm bầu khí quyển và những phương pháp bảo vệ bầu trời. | ||
| 650 | |a Environment protection,Bảo vệ môi trường | ||
| 980 | |a Trung tâm Học liệu Trường Đại học Cần Thơ | ||